000 00159 a2200085 4500
041 _aspa
100 _aSantillana
245 _aProcesos Naturales 6
942 _cBK
999 _c15817
_d15817